[Event "Ambes op 1st"]
[Site "Ambes"]
[Date "2007.04.09"]
[Round "3"]
[White "Lefebre, Jeremie"]
[Black "Fantinel, Thibault"]
[Result "1/2-1/2"]
[WhiteElo "1898"]
[BlackElo "1768"]
[PlyCount "53"]
[EventDate "2007.04.07"]
[EventType "swiss"]
[EventRounds "11"]
[EventCountry "FRA"]
[SourceTitle "CBM 117 Extra"]
[Source "ChessBase"]
[SourceDate "2007.05.09"]
[SourceVersion "1"]
[SourceVersionDate "2007.05.09"]
[SourceQuality "1"]

1. d4 d5 2. c4 c6 3. Nf3 Nf6 4. Nc3 a6 5. c5 Nbd7 6. Bf4 g6 7. h3 Bg7 8. e3 0-0 9. Bd3 Ne8 10. e4 dxe4 11. Nxe4 Nc7 12. Qd2 Nd5 13. Bh6 Qc7 14. Bxg7 Kxg7 15. g3 e5 16. Bc4 f5 17. Nd6 e4 18. Ng5 N7f6 19. h4 h6 20. Nh3 Be6 21. Nf4 Nxf4 22. Qxf4 Qa5+ 23. Qd2 Qxd2+ 24. Kxd2 Bxc4 25. Nxc4 Rfd8 26. Nd6 Rab8 27. Rhd1 1/2-1/2